000
00334 a2200145 4500
001
181500
020
_a
040
_c
Magnum
100
_a
Capon, Jack J.
240
1
0
_a
Atividades com pneus e para-quedas/v.5
_l
por
245
1
0
_a
Atividades com pneus e para-quedas/v.5
362
0
_a
1899
697
_a
MAGNITO: GERAL
942
_c
BK
999
_c
181500
_d
181500